000 00386nam a2200157Ia 4500
999 _c31081
_d31081
003 OSt
005 20250710164000.0
008 250310s9999||||xx |||||||||||||| ||und||
040 _c.
082 _a915.404
_bM2977
245 0 _a Travel India Aide Bihar /
_cMaps and Agencies
250 _a2nd ed.
260 _aMadras :
_bMaps and Agencies,
_c1980.
300 _a28 p.
942 _cBK
_2ddc